000 00399nam a22001577a 4500
003 DO-SdBNP
005 20180320112328.0
008 171128b ur||||| |||| 00| 0 spa d
040 _aBPMSU
_bspa
_cBPMSU
100 _aPetillo, Mario
245 _aEvocando :
_bnovela biografica
300 _a248 p.
_c20. 5 cm
942 _2ddc
_cBK
945 _ainventariado extranjero / DG
956 _adgarcia
_b10
999 _c13164
_d13164